| 000 | 00575nam a2200193Ia 4500 | ||
|---|---|---|---|
| 003 | OSt | ||
| 005 | 20250730151814.0 | ||
| 008 | 210210b2001 xxu||||| |||| 00| 0 eng d | ||
| 040 | _cAL | ||
| 041 | _akan | ||
| 082 | _aK894.4 GURS | ||
| 100 |
_aGURULINGA KAPASE _9167458 _dಗುರುಲಿಂಗ ಕಪಾಸೆ |
||
| 245 |
_aShatamanada lalitaprabanda: _bಶತಮಾನದ ಲಲಿತಪ್ರಬಂಧ |
||
| 260 |
_aBengaluru _bKarnataka Sahithya Akademi., _c2001 |
||
| 300 | _axxxiv,386 | ||
| 690 |
_aKannada Prose _9167459 |
||
| 906 | _aSG04220 | ||
| 942 |
_2ddc _cSG |
||
| 999 |
_c114971 _d114971 |
||